Normal view
MARC view
Entry Meeting Name
001 - CONTROL NUMBER
- control field: 79095
003 - CONTROL NUMBER IDENTIFIER
- control field: OSt
005 - DATE AND TIME OF LATEST TRANSACTION
- control field: 20200717164608.0
008 - FIXED-LENGTH DATA ELEMENTS
- fixed length control field: 200717|| aca||aabn | a|a d
040 ## - CATALOGING SOURCE
- Original cataloging agency: OSt
- Transcribing agency: OSt
111 ## - HEADING--MEETING NAME
- Meeting name or jurisdiction name as entry element:
- Location of meeting: Delhi
670 ## - SOURCE DATA FOUND
- Source citation: Work cat.: (OSt): India 2018: A Reference Annual 79094, India 2018: A Reference Annual , 2018









